000 00494nam a22001937a 4500
003 LK-CoDNM
005 20250110113000.0
008 250110b |||||||| |||| 00| 0 eng d
040 _aLK-CoDNM
_dLK-CoDNM
_eLK-CoDNM
041 _aeng
080 _a5
_bN10
100 _aBuckland,Francis,T
245 _aCuriosities Natural History
250 _a2nd Edition
260 _aLondon
_bRichard Bentley And Sons
_c1891
300 _axiv,365p. : ill ; 22 cm
650 _ascience
942 _cBK
999 _c235894
_d235894